Harry Styles - Aperture - All lyrics - Statistics

General Stats
  • This quiz has been taken 47 times
  • The average score is 197 of 255
Answer Stats
Answer % Correct
belong
100%
I
100%
in
100%
In
100%
to
100%
together
100%
We
100%
Aperture
97%
It
97%
it
97%
it's
97%
It's
97%
the
97%
I'm
94%
me
91%
no
91%
you
91%
don't
88%
for
88%
know
88%
lets
88%
light
88%
on
88%
Take
88%
what
84%
my
81%
prisoners
81%
best
78%
go
78%
Go
78%
finally
75%
going
75%
appears
72%
knees
72%
love
72%
only
72%
straight
72%
clean
66%
Drinks
66%
from
66%
Time
66%
is
63%
you're
63%
complicated
59%
more
59%
told
59%
wait
59%
won't
59%
up
56%
safe
53%
these
53%
tricks
53%
elevating
50%
sleeve
50%
Tokyo
50%
player
47%
spaces
47%
and
44%
sold,
44%
stray
44%
with
44%
review
41%
Game
38%
good
38%
scenes
38%
toying
38%
wanna
38%
Bad
34%
boys,
34%
called
34%
codes
34%
later
34%
state
34%
ask
28%
forth,
28%
I've
28%
questions
28%
receive
28%
doors,
25%
Trap
25%
another
19%
Dance
19%
halls,
19%
cadence
16%
No matching quizzes found
Score Distribution
Percent of People with Each Score
Percentile by Number Answered
Your Score History
You have not taken this quiz